• 首页
  • 本馆介绍
  • 公告通知
  • 最新文献
  • 馆藏检索
  • 电子资源
  • 读者导购
  • 参考咨询
  • 我的图书馆
  • 登录
  • 详细信息显示
  • 放入我的书架
  • 预约/预借图书
  • 作者相关作品
  • 分类相关作品
  • 丛书相关作品
  • 出版社相关作品

书目信息

  • 表格格式
  • 工作单格式
  • 卡片格式
题名:
脑发育异常及发育中的脑损伤
    
 
作者: 吴希如
分册:  
出版信息: 上海   上海科技教育出版社  1998
页数: 185
开本: 20cm
丛书名: 脑科学丛书
单 册:
中图分类: R322.8
科图分类:
主题词: 人体形态学
电子资源:
ISBN: 7-5428-1760-4
000 00602nam0 2200205 450
001 0741144344
005 20070817112544.34
010    @a7-5428-1760-4@b精装@d¥17.70
100    @a20070817d km y0chiy0120 ea
101 0  @achi
200 1  @a脑发育异常及发育中的脑损伤@Anao fa yu yi chang ji fa yu zhong de nao sun shang@f吴希如@Fwu xi ru
210    @a上海@c上海科技教育出版社@d1998
215    @a185@d20cm
225 2  @a脑科学丛书
410  0 @12001 @a脑科学丛书
606 0  @a人体形态学
690    @aR322.8@v3
701  0 @a吴希如@Awu xi ru
801  0 @aCN@bPFT@c20070817
905    @a213230@dR322.8@en3@f1
    
    脑发育异常及发育中的脑损伤/吴希如.-上海:上海科技教育出版社,1998
    185;20cm.-(脑科学丛书)
    
    
    ISBN 7-5428-1760-4(精装):¥17.70
    
●
相关链接 在E读中查询图书 在五车中查询图书 在当当中查询图书 在豆瓣中查询图书


正题名:脑发育异常及发育中的脑损伤     索取号:R322.8/n3         预约/预借

序号 登录号 条形码 馆藏地/架位号 状态 备注
1 6600897   266008973   密集书库-生命科学系/ [索取号:R322.8/n3] 在馆    
欢迎您!
大连网信软件有限公司© 版权所有